000 00837nam a2200229Ia 4500
005 20250108125140.0
008 008 250107s9999 xx 000 0 hin d
020 _a978-93-88937-89-4
037 _aTB
040 _aCRL
_bhin
_cCRL
041 _ahin
_2hin
084 _aNQ 152R1
084 _qCRL
100 _aमेहेर, छबिल कुमार, संपा.
245 0 _aकमला दत्त: समग्र कहानियॉं
_cमेहेर, छबिल कुमार, संपा.
260 _aदिल्ली, भारत
_bप्रज्ञा भारती
_c3468
300 _a426पृ0
365 _aINR
_b2500
650 _aहिन्दी कहानीहिन्दी साहित्य
_9729733
942 _cTB
_hNQ 152R1
999 _c1235856
_d1235856